The Legend Of Zelda: The Minish Cap Items - Statistics

General Stats
  • This quiz has been taken 23 times
  • The average score is 31 of 82
Answer Stats
Type Item % Correct
Inventory Smith's Sword
93%
Inventory Bow
86%
Inventory Bow Of Light
86%
Inventory Bomb
79%
Bottle Fairy
79%
Bottle Blue Potion
71%
Bottle Mt. Crenel Mineral Water
71%
Bottle Red Potion
71%
Inventory Small Shield
71%
Bottle Water
71%
Other Blue Kinstone
64%
Inventory Empty Bottle
64%
Inventory Flame Lantern
64%
Inventory Four Sword
64%
Other Gold Kinstone
64%
Other Green Kinstone
64%
Other Kinstone Piece
64%
Other Red Kinstone
64%
Inventory Gust Jar
57%
Inventory Boomerang
50%
Inventory Magical Boomerang
50%
Inventory Mirror Shield
50%
Inventory Mole Mitts
50%
Inventory Pegasus Boots
50%
Inventory Roc's Cape
50%
Other Big Blue Rupee
43%
Other Big Green Rupee
43%
Other Big Red Rupee
43%
Other Blue Rupee
43%
Other Green Rupee
43%
Bottle Lon Lon Milk
43%
Other Red Rupee
43%
Inventory Cane Of Pacci
36%
Quest Earth Element
36%
Quest Fire Element
36%
Quest Mysterious Shell
36%
Inventory Ocarina Of Wind
36%
Other Slice Of Pie
36%
Quest Tiger Scrolls
36%
Quest Water Element
36%
Inventory White Sword
36%
Inventory White Sword (Three Elements)
36%
Inventory White Sword (Two Elements)
36%
Quest Wind Element
36%
Quest A History Of Masks
29%
Quest A Hyrulean Bestiary
29%
Other Dungeon Map
29%
Quest Flippers
29%
Quest Legend Of The Picori
29%
Quest Power Bracelets
29%
Other Quiver
29%
Inventory Remote Bomb
29%
Other Wallet
29%
Other Big Key
21%
Other Bomb Bag
21%
Quest Carlov Medal
21%
Other Compass
21%
Bottle Din's Charm
21%
Bottle Farore's Charm
21%
Quest Graveyard Key
21%
Other Heart Container
21%
Other Jabber Nut
21%
Bottle Nayru's Charm
21%
Other Small Key
21%
Quest Spare Key
21%
Other Brioche
14%
Quest Broken Picori Blade
14%
Other Croissant
14%
Bottle Dog Food
14%
Quest Grip Ring
14%
Quest Kinstone Bag
14%
Other Piece Of Heart
14%
Other Slice Of Cake
14%
Quest Tingle Trophy
14%
Quest Wake-Up Mushroom
14%
Bottle Blue Picolyte
7%
Bottle Green Picolyte
7%
Other Joy Butterfly
7%
Bottle Orange Picolyte
7%
Bottle Red Picolyte
7%
Bottle White Picolyte
7%
Bottle Yellow Picolyte
7%
No matching quizzes found
Score Distribution
Percent of People with Each Score
Percentile by Number Answered
Your Score History
You have not taken this quiz